000 00820nam a22002177a 4500
005 20100724115719.0
010 _aENG-96469
020 _a9788124604946
_c495.00
035 _aEN-80002
037 _bDBAD/PUB
082 _a181.452
100 _aYati, Nitya Chaitanya
_92361
245 _aLiving the science of harmonious union :
_cby Nitya Chaitanya Yati
_bprinciples and practice of Patanjali's Yoga sastra /
260 _aNew Delhi
_bD. K Printworld
_c2009
270 _aF-52,Bali Nagar,Ramesh Nagar Metro Station
_bNew Delhi
_e110015
300 _axviii,396p.
_c23cm (pbk)
500 _aIncludes Index
700 _91166
942 _2ddc
_cEN
_h181.452
_mYAT
999 _c37513
_d37513